Central Library OPAC University of Rajshahi

কুরআন-হাদীসের আলোকে সৈনিকের কর্তব্য / (Record no. 41345)

MARC details
000 -LEADER
fixed length control field 00870nam a2200229 a 4500
001 - CONTROL NUMBER
control field 41345
003 - CONTROL NUMBER IDENTIFIER
rucl marc code BD-RjUL
005 - DATE AND TIME OF LATEST TRANSACTION
control field 20211209053353.0
008 - FIXED-LENGTH DATA ELEMENTS--GENERAL INFORMATION
fixed length control field 160529s1987 bg ||||| |||| 00| 0 ben d
020 ## - INTERNATIONAL STANDARD BOOK NUMBER
Terms of availability : TK 30.00
035 ## - SYSTEM CONTROL NUMBER
System control number (BD-RjUL)41462
040 ## - CATALOGING SOURCE
Original cataloging agency BD-RjUL
Language of cataloging ben
Transcribing agency BD-RjUL
041 ## - LANGUAGE CODE
Language code of text/sound track or separate title ben
082 ## - DEWEY DECIMAL CLASSIFICATION NUMBER
Edition number 23
Classification number 297.72
Author mark and year ABK 1987
100 ## - MAIN ENTRY--PERSONAL NAME
Personal name আবাদী, আশরাফ আলী
9 (RLIN) 127140
245 10 - TITLE STATEMENT
Title কুরআন-হাদীসের আলোকে সৈনিকের কর্তব্য /
Statement of responsibility, etc. আশরাফ আলী আবাদী
260 ## - PUBLICATION, DISTRIBUTION, ETC. (IMPRINT)
Place of publication, distribution, etc. ঢাকা :
Name of publisher, distributor, etc. ইসলামিক ফাউণ্ডেশন,
Date of publication, distribution, etc. ১৯৮৭
300 ## - PHYSICAL DESCRIPTION
Pagination [১৪], ১৬৩ পৃ. ;
Size ২১ সেমি.
650 ## - SUBJECT ADDED ENTRY--TOPICAL TERM
Topical term or geographic name as entry element মুসলমানদের ধর্মযুদ্ধ
9 (RLIN) 127141
Topical term or geographic name as entry element Jihad
9 (RLIN) 119787
942 ## - ADDED ENTRY ELEMENTS (KOHA)
Source of classification or shelving scheme Dewey Decimal Classification
Koha item type Books
Holdings
Lost status Source of classification or shelving scheme Damaged status Not for loan Collection code Permanent Location Current Location Shelving location Date acquired Source of acquisition Cost, normal purchase price Total Checkouts Full call number Date last seen Copy number Koha item type
  Dewey Decimal Classification     Non-fiction Central Library, University of Rajshahi Central Library, University of Rajshahi   12/05/1996 Islamic Foundation Bangladesh 30.00   B 297.72 ABK 1987 29/05/2016 C-2 Books
  Dewey Decimal Classification   Not For Loan Non-fiction Central Library, University of Rajshahi Central Library, University of Rajshahi Reading Room 12/05/1996 Islamic foundation 30.00   B 297.72 ABK 1987 06/12/2016 C-1 Books